Анализ почвы. Минералогические, органические и неорганические методы анализа: справочник; пер. с англ

書誌詳細
第一著者: Пансю М. Марк
その他の著者: Готеру Ж. Жак
要約:Приведены минералогические, органические и неорганические методы анализа, и физические методы обработки образцов. Аналитические методики соответствуют требованиям стандартов на методы анализа и могут использоваться при контроле состава и качества почв. Для каждого метода даны принципы, физические и химические основы, преимущества, недостатки и область его применения. Представленные основные методы анализа (ВЭЖХ, ТГА, АЭМ-ИСП, МС-ИСП и др.) позволят специалистам использовать справочник как при работе в полевых условиях, так и при проведении фундаментальных и прикладных исследований. Справочник предназначен для сотрудников профильных лабораторий, служб экологического контроля и мониторинга, профильных институтов при проведении анализа окружающей среды. Он будет полезен агрономам, геологам, климатологам, недропользователям, специалистам по гражданскому и промышленному строительству, служб водоканалов, ЦЛАТИ, исследователям и студентам профильных специальностей.
言語:ロシア語
出版事項: Санкт-Петербург, Профессия, 2014
主題:
フォーマット: MixedMaterials 図書
KOHA link:https://koha.lib.tpu.ru/cgi-bin/koha/opac-detail.pl?biblionumber=255426

MARC

LEADER 00000nam0a2200000 4500
001 255426
005 20231101233026.0
010 |a 9875918840603 
035 |a (RuTPU)RU\TPU\book\277936 
090 |a 255426 
100 |a 20140328d2014 k y0rusy50 ca 
101 1 |a rus  |c eng 
102 |a RU 
105 |a a g 001zy 
200 1 |a Анализ почвы. Минералогические, органические и неорганические методы анализа  |e справочник  |e пер. с англ  |f М. Пансю, Ж. Готеру 
210 |a Санкт-Петербург  |c Профессия  |d 2014 
215 |a 799 с.  |c ил. 
320 |a Библиогр.: с. 786-789. 
320 |a Предметный указатель: с. 790-799. 
330 |a Приведены минералогические, органические и неорганические методы анализа, и физические методы обработки образцов. Аналитические методики соответствуют требованиям стандартов на методы анализа и могут использоваться при контроле состава и качества почв. Для каждого метода даны принципы, физические и химические основы, преимущества, недостатки и область его применения. Представленные основные методы анализа (ВЭЖХ, ТГА, АЭМ-ИСП, МС-ИСП и др.) позволят специалистам использовать справочник как при работе в полевых условиях, так и при проведении фундаментальных и прикладных исследований. Справочник предназначен для сотрудников профильных лабораторий, служб экологического контроля и мониторинга, профильных институтов при проведении анализа окружающей среды. Он будет полезен агрономам, геологам, климатологам, недропользователям, специалистам по гражданскому и промышленному строительству, служб водоканалов, ЦЛАТИ, исследователям и студентам профильных специальностей. 
606 1 |a Почвы  |x Методы исследования  |2 stltpush  |3 (RuTPU)RU\TPU\subj\51017  |9 69629 
610 1 |a минералогический анализ 
610 1 |a влагосодержание 
610 1 |a гранулометрический состав 
610 1 |a коллоидные системы 
610 1 |a фракционирование 
610 1 |a рентгеновская дифрактометрия 
610 1 |a ИК-спектроскопия 
610 1 |a инфракрасная спектрометрия 
610 1 |a селективное растворение 
610 1 |a методы 
610 1 |a термический анализ 
610 1 |a микроскопический анализ 
610 1 |a органический анализ 
610 1 |a органические вещества 
610 1 |a гуминовые вещества 
610 1 |a количественное определение 
610 1 |a азот 
610 1 |a органические формы 
610 1 |a неорганический анализ 
610 1 |a окислительно-восстановительный потенциал 
610 1 |a карбонаты 
610 1 |a растворимые соли 
610 1 |a обменный комплекс 
610 1 |a постоянные заряды 
610 1 |a переменные заряды 
610 1 |a обменные катионы 
610 1 |a обменная кислотность 
610 1 |a известкование 
610 1 |a селективность 
610 1 |a анионный обмен 
610 1 |a катионный обмен 
610 1 |a фосфор 
610 1 |a сера 
610 1 |a экстрагируемые вещества 
610 1 |a справочники 
675 |a 631.4(035)  |v 3 
700 1 |a Пансю  |b М.  |g Марк 
701 1 |a Готеру  |b Ж.  |g Жак 
801 1 |a RU  |b 63413507  |c 20140328 
801 2 |a RU  |b 63413507  |c 20150706  |g RCR 
942 |c BK 
959 |a 59/20140328  |d 2  |e 3500,00  |f ЧЗТЛ:1  |f АНЛ:1